01642nam a22002417a 450000500170000000800410001702000180005804000070007608200180008310000260010124500310012725000060015826000610016430000260022536501000025152007570035165000300110865000390113865000310117794200120120899900190122095201610123920260410170033.0260410b |||||||| |||| 00| 0 eng d a9789354660818 cAL a621.319bKANP aNagoor Kani A9261438 aPower system analysis Ed 2 a2 aNew DelhibCBS Publishers and Distributors Pvt Ltdc2022 ax,244pbPBc24.5x17cm 2Electronics and Communication EngineeringaVBI-2645b₹221.25c₹d₹295.00e25%f20-02-2026 aThis book is organized in five chapters. The fundamental concepts of power system modeling, and load flow, fault and stability analyses of power system are presented in a very easy and elaborative manner. Throughout the book, carefully chosen examples are presented so that the reader will have a clear understanding of the concepts discussed. Salient Features Solutions of university questions will enable students to score better in examinations. Clear explanation of concepts with appropriate diagrams. Different types of fonts for text, proof and solved problems for better understanding. Step-by-step presentation of proofs and solved problems. Short-answer questions to replicate the basics. Exercise at the end of each chapter for self practice. aLoad Flow Studies9261434 aSymmetrical Fault Analysis9261435 aStability Analysis9261436 2ddccBK c241226d241226 00102ddc40708ECE aSEbSEd2026-04-10eVidyarthi Books, Bengaluru-560076g221.25l0o621.319 KANPpSE000492r2026-04-10 16:52:13v295.00w2026-02-20yBK